| 000 | 00520 a2200181 4500 | ||
|---|---|---|---|
| 020 | _a9788131760932 | ||
| 020 | _a0136124011 | ||
| 040 |
_aDLC _bDLC |
||
| 082 | 0 | 0 | _a658.3 |
| 100 | 1 | _aRobbins, Stephen P., | |
| 245 | 1 | 0 |
_aOrganizational behavior _cStephen P. Robbins, Timothy A. Judge. |
| 250 | _a14th ed. | ||
| 260 |
_aUpper Saddle River, N.J. : _bPrentice Hall, _cc2011. |
||
| 300 |
_axxxv, 686 p. : _bcol. ill. ; _c29 cm. |
||
| 650 | 0 | _aOrganizational behavior | |
| 700 | 1 | _aJudge, Tim. | |
| 942 |
_cBK _k658.3 ROB _2ddc |
||
| 999 |
_c10560 _d10560 |
||